000 00624cam a2200193 i 4500
999 _c117342
_d117342
001 19768410
005 20200312120058.0
008 170705t20172017nyu b 001 0 eng
020 _a9781620973479 (hbk : alk. paper)
040 _cPK-LaUMT
082 0 0 _a155.915
_223
_bLIF-C
100 1 _aLifton, Robert Jay
245 1 4 _aThe climate swerve :
_breflections on mind, hope, and survival /
_cby Robert Jay Lifton
260 _aNew York :
_bThe New Press,
_c2017
300 _axii, 178 p. ;
_c20 cm
650 0 _aClimatic changes
_xPsychological aspects.
650 0 _aNuclear warfare
_xPsychological aspects.
942 _cBK